[Event "AUTO-OPEN-4415"]
[Site "http://www.queenalice.com/game.php?id=1803646"]
[Date "2023.1.10"]
[Round "1"]
[White "Mapelli"]
[Black "mitsho"]
[Result "0-1"]
[WhiteElo "1348"]
[BlackElo "2311"]

1. b3 d5 2. Bb2 Nf6 3. g3 e6 4. Bg2 c5 5. h3 Nc6 6. a3 Be7 7. g4 O-O 8. e3 d4 9.
exd4 cxd4 10. b4 e5 11. Ne2 Be6 12. b5 Na5 13. d3 Rb8 14. O-O a6 15. a4 h5 16.
g5 Nd5 17. Nd2 Bxg5 18. Nf3 f6 19. Ng3 Nf4 20. Ne4 Bd5 21. h4 Nxg2 22. Kxg2 Bh6
23. Nc5 b6 24. Nxa6 Rc8 25. c3 Qd7 26. Kh2 Bf4+ 27. Kg2 Qg4+ 28. Kh1 Bxf3+ 0-1

[Event "AUTO-OPEN-4415"]
[Site "http://www.queenalice.com/game.php?id=1803673"]
[Date "2023.1.10"]
[Round "1"]
[White "Shizumaru_Hisame"]
[Black "Mapelli"]
[Result "1-0"]
[WhiteElo "1943"]
[BlackElo "1406"]

1. e4 b6 2. d4 Bb7 3. d5 g6 4. Bb5 a6 5. Ba4 b5 6. Bb3 Bg7 7. c4 Nf6 8. Nc3 b4
9. Nce2 Nxe4 10. h4 c6 11. h5 c5 12. Nf3 1-0

[Event "AUTO-OPEN-4415"]
[Site "http://www.queenalice.com/game.php?id=1803674"]
[Date "2023.1.10"]
[Round "1"]
[White "Mapelli"]
[Black "Shizumaru_Hisame"]
[Result "0-1"]
[WhiteElo "1408"]
[BlackElo "1941"]

1. b3 b6 2. Bb2 Ba6 3. g3 c6 4. Bg2 d5 5. a3 Nd7 6. h3 e5 7. d3 Ngf6 8. e3 Bd6
9. e4 O-O 10. b4 Re8 11. g4 Nf8 12. Nf3 dxe4 0-1

[Event "AUTO-OPEN-4415"]
[Site "http://www.queenalice.com/game.php?id=1803691"]
[Date "2023.1.10"]
[Round "1"]
[White "game"]
[Black "Mapelli"]
[Result "1-0"]
[WhiteElo "1449"]
[BlackElo "1389"]

1. e4 b6 2. g3 Bb7 3. Qe2 g6 4. Nf3 Bg7 5. d4 h6 6. Be3 Bxe4 7. Bg2 a6 8. Nc3
Bb7 9. Ne5 Bxg2 10. Rg1 Bb7 11. O-O-O b5 12. Qf3 f6 13. Nxg6 Bxf3 14. Nd5 Bxd1
15. Nxh8 Bxh8 16. Bf4 d6 17. Kxd1 Nc6 18. h4 1-0

[Event "AUTO-OPEN-4415"]
[Site "http://www.queenalice.com/game.php?id=1803692"]
[Date "2023.1.10"]
[Round "1"]
[White "Mapelli"]
[Black "game"]
[Result "0-1"]
[WhiteElo "1404"]
[BlackElo "1434"]

1. b3 e5 2. Bb2 Nf6 3. Bxe5 Ng4 4. Bd4 Nc6 5. Be3 d5 6. h3 Nh6 7. g3 Qf6 8. Nc3
d4 9. Nd5 Qd6 10. Bg2 dxe3 11. dxe3 Kd7 12. e4 Ke8 13. Nf3 g5 14. Nxg5 Bg7 15.
Rb1 f6 16. Nf3 f5 17. e5 Nxe5 0-1

[Event "AUTO-INT-3794"]
[Site "http://www.queenalice.com/game.php?id=1803727"]
[Date "2023.1.11"]
[Round "1"]
[White "altair"]
[Black "Mapelli"]
[Result "1-0"]
[WhiteElo "1643"]
[BlackElo "1389"]

1. e4 b6 2. d4 Bb7 3. Nc3 g6 4. Nf3 h6 5. d5 a6 6. b3 Bg7 7. Bb2 d6 8. Be2 b5 9.
O-O g5 10. a4 b4 11. Na2 c5 12. Bxg7 Rh7 13. Bb2 f6 14. Nd2 Nd7 15. Bh5+ Kf8 16.
f4 gxf4 17. Rxf4 Ne5 18. Bxe5 dxe5 19. Rf1 a5 20. Nc4 Bc8 21. Nc1 Ba6 22. Nd3
Qc7 23. Ne3 Rg7 24. Nf5 Rg5 25. h4 Bxd3 26. cxd3 Rxf5 27. Rxf5 Qb6 28. Kh1 Kg7
29. Qg4+ Kf8 30. Qg6 1-0

[Event "AUTO-INT-3794"]
[Site "http://www.queenalice.com/game.php?id=1803729"]
[Date "2023.1.11"]
[Round "1"]
[White "eloy"]
[Black "Mapelli"]
[Result "1-0"]
[WhiteElo "1652"]
[BlackElo "1383"]

1. e4 b6 2. Nc3 Bb7 3. Bc4 g6 4. d4 Bg7 5. Nf3 a6 6. Ng5 Nh6 7. h3 e6 8. Qf3 f5
9. exf5 exf5 10. Qf4 Bxg2 11. Rg1 Bc6 12. Bd5 Qe7+ 13. Be3 Bf6 14. Qxc7 Bxg5 15.
Qc8+ Qd8 16. Qxd8+ Bxd8 17. Bxh6 b5 18. O-O-O Bxd5 19. Nxd5 Nc6 20. Bg7 Rg8 21.
Bf6 Kf7 22. Bxd8 Nxd8 23. f4 Ne6 24. Nb6 Ra7 25. Nd5 Rc8 26. c3 a5 27. Nb6 Rc6
28. Nd5 b4 29. Rd3 bxc3 30. bxc3 a4 31. Kc2 h6 32. h4 a3 33. Rdg3 Nf8 34. Nb4
Re6 35. Kd3 Re4 36. h5 gxh5 37. Nd5 Ne6 38. Rg6 Nxf4+ 39. Nxf4 Rxf4 40. Rxh6 h4
41. Rh1 1-0

[Event "AUTO-INT-3794"]
[Site "http://www.queenalice.com/game.php?id=1803730"]
[Date "2023.1.11"]
[Round "1"]
[White "Mapelli"]
[Black "Rocio"]
[Result "0-1"]
[WhiteElo "1375"]
[BlackElo "1446"]

1. b3 e5 2. Bb2 Nc6 3. g3 Nf6 4. Bg2 Bb4 5. a3 Bd6 6. h3 b6 7. b4 Nd4 8. Bxa8 c6
9. e3 Nb5 10. Nf3 Ba6 11. Bxc6 dxc6 12. g4 h6 13. d3 O-O 0-1

[Event "AUTO-INT-3794"]
[Site "http://www.queenalice.com/game.php?id=1803731"]
[Date "2023.1.11"]
[Round "1"]
[White "Rocio"]
[Black "Mapelli"]
[Result "1-0"]
[WhiteElo "1459"]
[BlackElo "1362"]

1. e4 b6 2. Bc4 Bb7 3. d3 g6 4. Nf3 Bg7 5. Ng5 e6 6. Qf3 Nh6 7. Bf4 O-O 8. h4 a6
9. Nd2 b5 10. Bb3 Nc6 11. h5 Nd4 12. Qg3 d6 13. hxg6 fxg6 14. O-O-O 1-0

[Event "AUTO-INT-3827"]
[Site "http://www.queenalice.com/game.php?id=1816310"]
[Date "2023.7.14"]
[Round "1"]
[White "Mapelli"]
[Black "BALASH"]
[Result "0-1"]
[WhiteElo "1309"]
[BlackElo "1604"]

1. b3 e5 2. Bb2 Nc6 3. g3 Nf6 4. Bg2 Bc5 5. a3 d6 6. h3 Bd4 7. c3 Bb6 8. e3 O-O
9. Ne2 a6 10. O-O Bd7 11. d4 h6 0-1

[Event "AUTO-INT-3827"]
[Site "http://www.queenalice.com/game.php?id=1816311"]
[Date "2023.7.14"]
[Round "1"]
[White "BALASH"]
[Black "Mapelli"]
[Result "1-0"]
[WhiteElo "1599"]
[BlackElo "1314"]

1. e4 g6 2. Bc4 Bg7 3. Nc3 b6 4. d3 Bb7 5. Nf3 a6 6. Bd5 c6 7. Bb3 h6 8. Bd2 e6
9. e5 Ne7 10. a3 O-O 11. d4 Nf5 12. h3 1-0